000 02525nam a22002417a 4500
003 OSt
005 20150408114220.0
008 140622t2013 eng||||f |||| 00| 0 eng d
020 _a9780723436478
040 _aMa-Un
082 _a616.8
_bYMN
100 _aYogarajah, Mahinda.
_945760
245 _a Neurology /
_c Mahinda Yogarajah
250 _a4th ed.
260 _aEdinburgh :
_bMosby/Elsevier,
_c2013.
300 _axvi, 310 p. ;
_c26 cm.
490 _aCrash course.
505 _aPart 1: The Patient Presents With. 1. Disorders of higher cerebral function 2. Disturbances of consciousness 3. Headache 4. Disorders of smell and taste 5. Visual impairment 6. Disorders of the pupils and eye movements 7. Facial sensory loss and weakness 8. Deafness, tinnitus, dizziness and vertigo 9. Dysarthria, dysphonia and dysphagia 10. Cerebellar dysphonia and dysphagia 11. Movement disorders 12. Limb weakness 13. Limb sensory symptoms 14. Disorders of gait Part 11: Diseases and Disorders 15. Dementia 16. Epilepsy 17. Headache and cranial facial pain 18. Parkinson's disease, other extrapyramidal disorders, and myoclonus 19. Cranial nerve lesions 20. Diseases affecting the spinal cord (myelopathy) 21. Motor neuron disease 22. Radiculopathy and plexopathy 23. Disorders of the peripheral nerves 24. Disorders of the neuromuscular junction 25. Disorders of skeletal muscle 26. Vascular diseases of the nervous system 27. Intracranial tumours 28. Infections of the nervous system 29. Multiple sclerosis 30. Systemic disease and the nervous system 31. The effects of vitamin deficiencies and toxins on the nervous system 32. Hereditary conditions affecting the nervous system Part 111: History, Examination and Common Investigations 33. Taking a history 34. The neurological examination 35. How to write a clerking 36. Further investigations Part IV: Self-assessment Multiple-choice questions (MCQs) Short-answer questions (SAQs) Extended-matching questions (EMQs) Patient-management problems (PMPs) MCQ answers SAQ answers EMQ answers PMP answers
520 _aDevised to help you get through your exams with ease, this book guides you succinctly through the topic, giving full coverage of the curriculum whilst avoiding unnecessary and often confusing detail. It is also supported by a full artwork programme, and features the popular 'Hints and Tips' boxes as well as other useful aide-memoires
650 _aNervous System Diseases
_xdiagnosis.
_913809
650 _aDiagnosis, Differential.
942 _2ddc
_cBOOK
999 _c35335
_d269835